Voluntary disclosure of main board companies in the KLSE /
محفوظ في:
| المؤلف الرئيسي: | |
|---|---|
| التنسيق: | أطروحة |
| اللغة: | English |
| منشور في: |
Shah Alam, Selangor :
University Teknologi Mara,
2001
|
| الموضوعات: | |
| الوصول للمادة أونلاين: | Click here to view 1st 24 pages of the thesis. Members can view fulltext at the specified PCs in the library. |
| الوسوم: |
إضافة وسم
لا توجد وسوم, كن أول من يضع وسما على هذه التسجيلة!
|
| LEADER | 017090000a22003730004500 | ||
|---|---|---|---|
| 001 | 227667 | ||
| 005 | 20230420123021.0 | ||
| 008 | 020427s2001 my g m 000 0 eng d | ||
| 035 | |a (Sirsi) 227667 | ||
| 040 | |a UIAM |b eng | ||
| 043 | |a a-my--- | ||
| 050 | 0 | |a HD2745 | |
| 100 | 0 | |a Sherliza binti Puat Nelson, |e author |9 119043 | |
| 245 | 1 | 0 | |a Voluntary disclosure of main board companies in the KLSE / |c by Sherliza binti Puat Nelson |
| 264 | 1 | |a Shah Alam, Selangor : |b University Teknologi Mara, |c 2001 | |
| 300 | |a v, 46 leaves ; |c 30 cm. | ||
| 336 | |2 rdacontent |a text | ||
| 337 | |2 rdamedia |a unmediated | ||
| 338 | |2 rdacarrier |a volume | ||
| 500 | |a 00000672221 is a reproduced copy. | ||
| 502 | |a Thesis (M.A.)--University Teknologi Mara, 2001. | ||
| 504 | |a Includes bibliographical references. | ||
| 610 | 2 | 0 | |a Kuala Lumpur Stock Exchange |9 48894 |
| 650 | 0 | |a Corporate governence |z Malaysia |9 119044 | |
| 650 | 0 | |a Directors of corporations |z Malaysia |9 33193 | |
| 650 | 0 | |a Corporations |z Malaysia |9 62124 | |
| 650 | 0 | |a Business enterprises |z Malaysia | |
| 655 | 0 | 7 | |a Theses, non-IIUM |
| 856 | 4 | |u https://lib.iium.edu.my/mom/services/mom/document/getFile/XHeSvQrdUy75AzIhyyqvLieCjBl94jT520081125113205562 |z Click here to view 1st 24 pages of the thesis. Members can view fulltext at the specified PCs in the library. | |
| 900 | |a mbs-rose | ||
| 942 | |2 lcc |n 0 | ||
| 999 | |c 431847 |d 465884 | ||
| 952 | |0 0 |6 T HD 002745 S552V 2001 |7 0 |8 THESES |9 752876 |a IIUM |b IIUM |c MULTIMEDIA |g 0.00 |o t HD 2745 S552V 2001 |p 00000672219 |r 2017-10-19 |t 1 |v 0.00 |y THESIS | ||
| 952 | |0 0 |6 TS CDF HD 2745 S552V 2001 |7 0 |8 THESES |9 808231 |a IIUM |b IIUM |c MULTIMEDIA |g 0.00 |o ts cdf HD 2745 S552V 2001 |p 11100325881 |r 2017-10-26 |t 1 |v 0.00 |y THESISDIG | ||
